000 00309nam a22001337a 4500
003 SGT
020 _a978-1-4160-5803-6
082 _a617
_bS08I
100 _aITANI, KAMAL M.F.
245 _aSURGICAL CLINICS OF NORTH AMERICA
260 _aPHILADELPHIA
_bELSEVIER PUB
_c2008
300 _a222
942 _2ddc
_cBK
999 _c18421
_d18421